| 000 | 01411nam a2200337 i 4500 | ||
|---|---|---|---|
| 001 | 28029 | ||
| 003 | Mx-PuUPA | ||
| 005 | 20260506100141.0 | ||
| 008 | 140415s2025 sp a gr 001 0 spa d | ||
| 017 | _aB.417-2016 | ||
| 020 | _a9788425229268 | ||
| 040 |
_cMx-PuUPA _aMx-PuUPA _bspa _dMx-PuUPA _erda |
||
| 041 | 1 |
_aspa _heng |
|
| 100 | 1 |
_aChing, Francis D. K., _d1943- _eautor _93059 |
|
| 240 | 1 |
_aArchitectural Graphics. _lEspañol |
|
| 245 | 1 | 0 |
_aManual de dibujo arquitectónico / _cFrancis D.K. Ching ; de la traducción, Marta Rojals |
| 250 |
_aQuinta edición / _brevisada y ampliada |
||
| 264 | 1 |
_aBarcelona, España : _bEditorial GG, _c2025 |
|
| 300 |
_avi, 266 páginas : _bilustraciones (blanco y negro) ; _c30 cm |
||
| 336 |
_2rdacontent _atexto _btxt |
||
| 337 |
_2rdamedia _asin medio _bn |
||
| 338 |
_2rdacarrier _avolumen _bnc |
||
| 650 | 7 |
_2armarc _aDibujo arquitectónico |
|
| 700 | 1 |
_aRojals, Marta _etraductor |
|
| 765 | 0 |
_aChing, Francis D.K., _tArchitectural Graphics _bSexta edición inglesa _dHoboken, Nueva Jersey: John Wiley & Sons, 2015 |
|
| 942 |
_2ddc _cLI _h720.28 _iC5318 |
||
| 999 |
_c28029 _d28029 |
||